Ben Stiller Movies - Statistics

General Stats
  • This quiz has been taken 43 times
  • The average score is 15 of 110
Answer Stats
Year Movie % Correct
2001 Zoolander
89%
2006 Night at the Museum
78%
2000 Meet the Parents
74%
2016 Zoolander 2
74%
2004 Meet the Fockers
70%
2010 Little Fockers
63%
2013 The Secret Life of Walter Mitty
63%
2004 Along Came Polly
59%
2005 Madagascar
59%
2009 Night at the Museum: Battle of the Smithsonian
48%
1996 Happy Gilmore
44%
2008 Tropic Thunder
44%
2014 Night at the Museum: Secret of the Tomb
41%
2004 Starsky and Hutch
41%
2004 Dodgeball: A True Underdog Story
37%
2008 Madagascar: Escape 2 Africa
37%
1998 There's Something About Mary
33%
2020 Hubie Halloween
30%
1996 The Cable Guy
30%
2011 Tower Heist
30%
2004 Anchorman: The Legend of Ron Bergundy
26%
2012 Madagascar 3: Europe's Most Wanted
26%
2010 Megamind
26%
1999 Mystery Men
26%
1994 Reality Bites
26%
2007 The Heartbreak Kid
22%
2001 The Royal Tenenbaums
22%
1987 Empire of the Sun
19%
2010 Greenberg
19%
1995 Heavyweights
19%
TBD Nutcrackers
19%
2017 The Meyerowitz Stories
19%
2017 Brad's Status
15%
2012 The Watch
15%
1998 Zero Effect
15%
2003 Duplex
11%
2004 Envy
11%
1991 Highway to Hell
11%
2014 While We're Young
11%
2007 Elmo's Christmas Countdown
7%
1996 Flirting With Disaster
7%
2000 Keeping the Faith
7%
2021 Locked Down
7%
1998 Permanent Midnight
7%
2006 School For Scoundrels
7%
2006 Tenacious D in the Pick of Destiny
7%
2007 Blades of Glory
4%
2020 Dinner in America
4%
1988 Fresh Horses
4%
1999 Heat Vision and Jack
4%
1996 If Lucy Fell
4%
1989 Next of Kin
4%
2021 Queenpins
4%
2011 The Big Year
4%
2009 The Marc Pease Experience
4%
2016 Why Him?
4%
2016 Zoolander: Super Model
4%
2011 30 Minutes or Less
0%
2018 Alex Strangelove
0%
2006 Awesome; I... Shot That!
0%
TBD Bag Man
0%
2020 Beastie Boys Story
0%
2015 Being Canadian
0%
TBD Belly of the Beast
0%
1999 Black and White
0%
2022 Bleecker
0%
2022 Bros.
0%
2013 Casting Couch
0%
1993 CB4
0%
2015 Crash Test: With Rob Huebel and Paul Scheer
0%
2003 Crooked Lines
0%
2001 Cugini
0%
2006 Danny Roane: First Time Director
0%
2019 Dark Cargo
0%
2007 Dedication
0%
TBD Dodgeball 2
0%
2016 Don't Think Twice
0%
1989 Elvis Stories
0%
TBD Fire Me
0%
2020 Friendsgiving
0%
2019 Greed
0%
2020 Have a Good Trip: Adventures in Psychedelics
0%
2013 He's Way More Famous Than You
0%
2007 Homo Erectus
0%
1987 Hot Pursuit
0%
2010 I'm Still Here
0%
TBD London
0%
2012 Nantucket Film Festival's Comedy Roundtable
0%
2003 Nobody Knows Anything!
0%
2021 Nomad and Roadrunner
0%
2002 Orange County
0%
2003 Pauly Shore is Dead
0%
2019 Plus One
0%
2002 Run Ronnie Run!
0%
1987 Shoeshine
0%
1990 Stella
0%
2010 Submarine
0%
1989 That's Adequate
0%
2009 The Boys: The Sherman Brothers Story
0%
2019 The Game Changer
0%
2000 The Independent
0%
1992 The Nutt House
0%
2018 The Package
0%
2017 The Polka King
0%
2008 The Ruins
0%
2009 The Station
0%
1999 The Suburbans
0%
TBD Untitled Budd Schulberg Project
0%
2007 Untitled Christine Taylor Project
0%
1998 Your Friends and Neighbors
0%
No matching quizzes found
Score Distribution
Percent of People with Each Score
Percentile by Number Answered
Your Score History
You have not taken this quiz